Loading...
Islam and modernity/
| Main Author: | |
|---|---|
| Format: | Printed Book |
| Published: |
New Delhi:
Sarup &Sons,
1997.
|
| Subjects: |
| LEADER | 00509nam a22001571a 4500 | ||
|---|---|---|---|
| 020 | |a 9788176250023 | ||
| 082 | |a 297.07 |b HAN/I | ||
| 100 | |a Hanif N |9 96481 | ||
| 245 | |a Islam and modernity/ |c by Hanif N | ||
| 260 | |a New Delhi: |b Sarup &Sons, |c 1997. | ||
| 300 | |a 392p. | ||
| 650 | |a Islam |9 96482 | ||
| 650 | |a Religion |9 96483 | ||
| 942 | |c BK | ||
| 999 | |c 21040 |d 21040 | ||
| 952 | |0 0 |1 0 |4 0 |6 297_070000000000000_HAN_I |7 0 |9 29547 |a SSUS |b SSUS |d 2015-01-08 |g 650.00 |l 1 |o 297.07 HAN/I |p 007251 |r 2015-03-21 |s 2015-03-17 |v 0.00 |w 2015-01-08 |y BK | ||